000 00294nam a22001337a 4500
008 170607b xxu||||| |||| 00| 0 eng d
020 _a0471431281
041 _aeng
080 _a32
100 _a18
101 _aSHP
245 _aPOLITICS SOCIAL EQUALITY
_cJACKMAN.R.W
942 _2udc
_cBK
999 _c16306
_d16306